000 nam a22 7a 4500
999 _c8374
_d8374
008 180116b ||||| |||| 00| 0 eng d
100 _aBabu.P.S.
_94703
245 _aThe lion and the mouse
260 _aChennai
_c2008